[Event "34th Rilton Cup"]
[Site "Stockholm SWE"]
[Date "2004.12.27"]
[Round "1.34"]
[White "Hoerbing, Stefan"]
[Black "Tetenkina, Irina"]
[Result "0-1"]
[WhiteElo "2031"]
[BlackElo "2255"]
[EventDate "2004.12.27"]
[PlyCount "40"]

1.e4 e6 2.d4 d5 3.Nc3 dxe4 4.Nxe4 Nd7 5.Nf3 Ngf6 6.Bg5 h6 7.Bxf6 Nxf6 8.
Bd3 Nxe4 9.Bxe4 c5 10.Qe2 cxd4 11.O-O-O Qb6 12.Rxd4 Bc5 13.Rd2 O-O 14.Rhd1
Be7 15.g4 e5 16.Rg1 Be6 17.Bd3 Bxa2 18.Qe4 g6 19.Nxe5 Bg5 20.f4 Bd5 0-1

[Event "34th Rilton Cup"]
[Site "Stockholm SWE"]
[Date "2004.12.27"]
[Round "1.35"]
[White "Lundvik, Jonas"]
[Black "Lardot, Derik"]
[Result "1-0"]
[WhiteElo "2248"]
[BlackElo "2029"]
[EventDate "2004.12.27"]
[PlyCount "81"]

1.d4 f5 2.g3 Nf6 3.Bg2 g6 4.Nh3 Bg7 5.Nf4 c5 6.d5 O-O 7.Nc3 e5 8.dxe6 dxe6
9.Qxd8 Rxd8 10.O-O Nc6 11.Na4 e5 12.Bxc6 exf4 13.Bf3 fxg3 14.hxg3 Rd4 15.
Nxc5 Rc4 16.Be3 Rxc2 17.Rac1 Rxc1 18.Bxc1 Ne4 19.Nxe4 fxe4 20.Bxe4 Bh3 21.
Rd1 Re8 22.f3 b6 23.Kf2 Bc8 24.Bc6 Rf8 25.b3 Bf6 26.Bh6 Rd8 27.Rxd8+ Bxd8 
28.Bd5+ Kh8 29.e4 Bf6 30.Ke3 Bg7 31.Bxg7+ Kxg7 32.f4 Kf6 33.e5+ Ke7 34.b4 
Bd7 35.a3 h5 36.Kd4 Bg4 37.Be4 Kf7 38.Kd5 Bd7 39.Kd6 Ba4 40.Bd5+ Kf8 41.
Bc6 1-0

[Event "34th Rilton Cup"]
[Site "Stockholm SWE"]
[Date "2004.12.27"]
[Round "1.37"]
[White "Lindberg, Henrik"]
[Black "Nyland, Thomas"]
[Result "1-0"]
[WhiteElo "2218"]
[BlackElo "2008"]
[EventDate "2004.12.27"]
[PlyCount "161"]

1.c4 c5 2.Nc3 g6 3.Nf3 Bg7 4.e3 e5 5.d4 exd4 6.exd4 d6 7.Bg5 Bf6 8.Qe2+ 
Qe7 9.Nd5 Qxe2+ 10.Bxe2 Bd8 11.dxc5 dxc5 12.Bxd8 Kxd8 13.O-O-O Nd7 14.Ng5 
Nh6 15.Bf3 Rb8 16.h4 Ne5 17.Rhe1 Nxf3 18.gxf3 Be6 19.Nxe6+ fxe6 20.Rxe6 
Nf5 21.Ne7+ Nd4 22.Re5 Re8 23.Rxc5 Rxe7 24.Rxd4+ Rd7 25.Rcd5 Rxd5 26.Rxd5+
Kc7 27.Kd2 Rf8 28.Ke3 Re8+ 29.Kd3 Re1 30.Rc5+ Kd6 31.Rd5+ Kc6 32.h5 Rd1+ 
33.Ke4 Re1+ 34.Kd4 Re2 35.hxg6 hxg6 36.Rc5+ Kd6 37.Rb5 Kc7 38.Rc5+ Kd7 39.
Rd5+ Kc7 40.Rc5+ Kd7 41.Rb5 Kc7 42.a4 Rxf2 43.Ke4 a6 44.Rc5+ Kd6 45.Rd5+ 
Kc6 46.b4 Rc2 47.Rc5+ Kd6 48.a5 Rb2 49.Rg5 Rxb4 50.Kd4 Kc7 51.Rxg6 Rb3 52.
f4 Rf3 53.Rg7+ Kc6 54.Rg6+ Kc7 55.Rf6 Ra3 56.Rf5 Kc6 57.Rc5+ Kd6 58.f5 Rf3
59.Rd5+ Kc6 60.Ke5 Re3+ 61.Kd4 Rf3 62.Ke5 Re3+ 63.Kf6 Re4 64.Re5 Rxc4 65.
Ke7 b5 66.f6 b4 67.f7 Rf4 68.f8=Q Rxf8 69.Kxf8 b3 70.Re3 Kb5 71.Rxb3+ Kxa5
72.Ke7 Ka4 73.Rb8 a5 74.Kd6 Ka3 75.Kc5 a4 76.Kc4 Ka2 77.Kc3 Ka3 78.Rb4 Ka2
79.Rxa4+ Kb1 80.Ra3 Kc1 81.Ra1# 1-0

[Event "34th Rilton Cup"]
[Site "Stockholm SWE"]
[Date "2004.12.27"]
[Round "1.38"]
[White "Penttilae, Tero"]
[Black "Henriksson, Jacob"]
[Result "0-1"]
[WhiteElo "2006"]
[BlackElo "2215"]
[EventDate "2004.12.27"]
[PlyCount "60"]

1.e4 c5 2.Nf3 d6 3.d4 Nf6 4.Nc3 cxd4 5.Nxd4 g6 6.Be3 Bg7 7.f3 Nc6 8.Qd2 h5
9.Bc4 Bd7 10.O-O-O Rc8 11.Bb3 Ne5 12.Kb1 Nc4 13.Bxc4 Rxc4 14.Rhe1 O-O 15.
Bh6 Rxd4 16.Qxd4 Bxh6 17.e5 dxe5 18.Qxe5 e6 19.Qd4 Bg7 20.Qxa7 Qc7 21.h3 
Rc8 22.Qf2 b5 23.g4 b4 24.Ne4 Ba4 25.Rd2 Qe5 26.Nc3 Qa5 27.Nxa4 Qxa4 28.
gxh5 Ra8 29.Kc1 Nxh5 30.f4 Bxb2+ 0-1

[Event "34th Rilton Cup"]
[Site "Stockholm SWE"]
[Date "2004.12.27"]
[Round "1.40"]
[White "Oerndahl, Markus"]
[Black "Edlund, Robin"]
[Result "0-1"]
[WhiteElo "1983"]
[BlackElo "2206"]
[EventDate "2004.12.27"]
[PlyCount "95"]

1.e4 c5 2.Nf3 d6 3.Bc4 Nc6 4.O-O Nf6 5.Re1 e6 6.d3 Be7 7.c3 O-O 8.Bb3 b5 
9.Nbd2 Qb6 10.Nf1 Rd8 11.Ng3 Bb7 12.Qe2 a5 13.Bc2 b4 14.a4 Ba6 15.Nd2 Ne5 
16.Nc4 Bxc4 17.dxc4 bxc3 18.bxc3 Qa6 19.f4 Nxc4 20.Bd3 d5 21.exd5 exd5 22.
Nf5 Bf8 23.Ba3 Re8 24.Bxc4 Qxc4 25.Qxc4 dxc4 26.Ne3 Re4 27.g3 Rb8 28.Kf2 
Rb3 29.Nd1 Ng4+ 30.Kf1 Nxh2+ 31.Kf2 Ng4+ 32.Kf1 f5 33.Rxe4 fxe4 34.Ke2 h5 
35.Bc1 Kf7 36.Be3 Ke6 37.Bd2 Kf5 38.Be1 h4 39.gxh4 Bd6 40.Ra2 Bxf4 41.Nb2 
Ne5 42.Nd1 Nd3 43.Bd2 Rb1 44.Bxf4 Kxf4 45.Rc2 e3 46.h5 Kg5 47.Ra2 Nf4+ 48.
Ke1 0-1

[Event "34th Rilton Cup"]
[Site "Stockholm SWE"]
[Date "2004.12.27"]
[Round "1.41"]
[White "Kosmo, Santul"]
[Black "Toecklin, Tomi"]
[Result "1-0"]
[WhiteElo "2206"]
[BlackElo "1969"]
[EventDate "2004.12.27"]
[PlyCount "63"]

1.e4 c6 2.Ne2 d5 3.e5 c5 4.d4 cxd4 5.Nxd4 Nc6 6.f4 Nh6 7.c3 Nf5 8.Nf3 e6 
9.Bd3 Bc5 10.Qe2 h5 11.Bxf5 exf5 12.Be3 Bxe3 13.Qxe3 Be6 14.Nbd2 Qb6 15.
Qxb6 axb6 16.Nb3 d4 17.Nbxd4 Rxa2 18.Rxa2 Bxa2 19.Nxf5 O-O 20.N3d4 Bd5 21.
Nxc6 Bxc6 22.Ne7+ Kh7 23.Nxc6 bxc6 24.Ke2 Ra8 25.Rd1 Ra2 26.Rd2 g5 27.Ke3 
gxf4+ 28.Kxf4 Kg7 29.Kg5 Ra5 30.Re2 f6+ 31.Kxh5 fxe5 32.Kg5 1-0

[Event "34th Rilton Cup"]
[Site "Stockholm SWE"]
[Date "2004.12.27"]
[Round "1.42"]
[White "Helin, Mikael"]
[Black "Nygren, David"]
[Result "0-1"]
[WhiteElo "1961"]
[BlackElo "2204"]
[EventDate "2004.12.27"]
[PlyCount "112"]

1.e4 e6 2.Nf3 d5 3.e5 c5 4.b4 cxb4 5.d4 Nc6 6.a3 f5 7.axb4 Bxb4+ 8.c3 Be7 
9.Bd3 Nh6 10.h3 Nf7 11.g4 g6 12.Qe2 O-O 13.gxf5 exf5 14.h4 Be6 15.Ng5 Nxg5
16.hxg5 Rc8 17.Bd2 Bxg5 18.f4 Bh4+ 19.Kf1 Be7 20.Be1 Qb6 21.Ra2 Rf7 22.Rb2
Qc7 23.Qh2 Na5 24.Rg2 Rg7 25.Rg3 Nc4 26.Rh3 Bd8 27.Be2 a5 28.Qg3 Qf7 29.
Bxc4 dxc4 30.Na3 Be7 31.Nc2 a4 32.R1h2 a3 33.Ne3 Ra8 34.Ra2 g5 35.Qg2 gxf4
36.Qxb7 Rd8 37.Ng2 Bd5 38.Qb6 Rxg2 39.Rxg2+ Bxg2+ 40.Kxg2 Qg6+ 41.Qxg6+ 
hxg6 42.Bd2 Rb8 43.Rh1 Rb2 44.Kf3 Rxd2 45.Kxf4 Kf7 46.Rh7+ Ke8 47.Rh8+ Kd7
48.Ra8 Rf2+ 49.Ke3 Rc2 50.d5 Bc5+ 51.Kf4 Rxc3 52.Kg5 Rd3 53.Kxg6 Rxd5 54.
Kxf5 c3 55.Kf6 c2 56.e6+ Kc7 0-1

[Event "34th Rilton Cup"]
[Site "Stockholm SWE"]
[Date "2004.12.27"]
[Round "1.43"]
[White "Hagberg, Martin"]
[Black "Bernholdsson, Svante"]
[Result "1-0"]
[WhiteElo "2203"]
[BlackElo "1955"]
[EventDate "2004.12.27"]
[PlyCount "143"]

1.e4 c5 2.Nf3 d6 3.d4 cxd4 4.Nxd4 Nf6 5.Nc3 Nc6 6.Bc4 e6 7.Be3 a6 8.Qe2 
Qc7 9.Bb3 Na5 10.g4 Nxb3 11.cxb3 Be7 12.Rc1 Qa5 13.a3 O-O 14.b4 Qd8 15.O-O
e5 16.Nf5 Bxf5 17.exf5 Rc8 18.g5 Nd7 19.Qg4 Re8 20.f6 Bf8 21.Nd5 Rc6 22.a4
e4 23.Bd4 Ne5 24.Qxe4 Qd7 25.Qg2 Qf5 26.f4 Rxc1 27.Rxc1 Qd3 28.Bxe5 dxe5 
29.fxg7 Kxg7 30.Re1 Rc8 31.Qe4 Qxe4 32.Rxe4 exf4 33.Rxf4 Bd6 34.Rf2 a5 35.
Kg2 axb4 36.Kf3 Rc5 37.Rd2 Be5 38.Nxb4 Rc4 39.Nd3 Bd6 40.a5 Be7 41.Re2 Bd6
42.Re4 Rc2 43.h4 Kg6 44.Rd4 Bc7 45.b4 Rh2 46.Nf4+ Kg7 47.Kg4 Be5 48.Re4 
Bd6 49.h5 Rb2 50.h6+ Kf8 51.Nd3 Rd2 52.Rd4 Rg2+ 53.Kf5 Be7 54.Rg4 Rd2 55.
Ke4 Ke8 56.Kd4 Kd7 57.Kc4 Kc7 58.Rf4 Bxg5 59.Rxf7+ Kc6 60.b5+ Kd6 61.Rxb7 
Rc2+ 62.Kb3 Rc7 63.Rb6+ Kd5 64.a6 Be3 65.Nb4+ Kc5 66.Rb7 Rc8 67.a7 Ra8 68.
Na6+ Kd6 69.b6 Kc6 70.Rb8 Bxb6 71.Rxa8 Kb7 72.Rh8 1-0

[Event "34th Rilton Cup"]
[Site "Stockholm SWE"]
[Date "2004.12.27"]
[Round "1.45"]
[White "Landgren, Andreas"]
[Black "Wilsbeck, Jan Boerge"]
[Result "1/2-1/2"]
[WhiteElo "2198"]
[BlackElo "1947"]
[EventDate "2004.12.27"]
[PlyCount "91"]

1.d4 Nf6 2.c4 c5 3.d5 b5 4.cxb5 a6 5.bxa6 g6 6.Nc3 Bxa6 7.g3 d6 8.Bg2 Bg7 
9.Rb1 Nbd7 10.a4 Rb8 11.b3 O-O 12.Nh3 Rb6 13.O-O Qc7 14.Bd2 Rfb8 15.a5 
R6b7 16.Na4 Bb5 17.Rc1 Bxa4 18.bxa4 Ng4 19.Nf4 Bb2 20.Rc2 Nge5 21.Nd3 Ba3 
22.Qa1 Rb3 23.Nc1 Bb2 24.Qb1 Bxc1 25.Qxc1 Qb7 26.h3 Nf6 27.e4 Nd3 28.Qa1 
Nd7 29.Rc3 Rxc3 30.Qxc3 Qa6 31.f4 e5 32.dxe6 fxe6 33.Rf3 c4 34.Bf1 N7c5 
35.Be3 Nxe4 36.Qd4 d5 37.Bxd3 cxd3 38.Qe5 Rb1+ 39.Kg2 d2 40.Bd4 Qe2+ 41.
Rf2 Qxf2+ 42.Bxf2 d1=Q 43.Qxe6+ Kg7 44.Qe7+ Kg8 45.Qe8+ Kg7 46.Qe7+ 
1/2-1/2

[Event "34th Rilton Cup"]
[Site "Stockholm SWE"]
[Date "2004.12.28"]
[Round "2.2"]
[White "Khenkin, Igor"]
[Black "Hedman, Erik"]
[Result "1-0"]
[WhiteElo "2587"]
[BlackElo "2320"]
[EventDate "2004.12.27"]
[PlyCount "53"]

1.d4 d5 2.c4 e6 3.Nf3 Nf6 4.Nc3 Be7 5.Bg5 h6 6.Bxf6 Bxf6 7.e3 O-O 8.Qd2 a6
9.Rc1 c6 10.Bd3 Nd7 11.cxd5 exd5 12.O-O Be7 13.h3 Bd6 14.Rfe1 a5 15.e4 
dxe4 16.Nxe4 Bb4 17.Nc3 Nf6 18.Bc4 Re8 19.a3 Bf8 20.Ba2 Bd7 21.Rxe8 Bxe8 
22.Re1 Rc8 23.Ne5 Bc5 24.Ne2 Ba7 25.Rd1 Qc7 26.Qf4 Rd8 27.Nxf7 1-0

[Event "34th Rilton Cup"]
[Site "Stockholm SWE"]
[Date "2004.12.28"]
[Round "2.3"]
[White "Ong, Kezli"]
[Black "Ulybin, Mikhail"]
[Result "0-1"]
[WhiteElo "2325"]
[BlackElo "2556"]
[EventDate "2004.12.27"]
[PlyCount "148"]

1.e4 e6 2.d4 d5 3.Nc3 Nf6 4.Bg5 Be7 5.e5 Nfd7 6.Bxe7 Qxe7 7.f4 O-O 8.Nf3 
c5 9.Qd2 Nc6 10.dxc5 Nxc5 11.O-O-O a6 12.Bd3 b5 13.Qe3 Nxd3+ 14.cxd3 Bb7 
15.Ne2 d4 16.Nexd4 Nb4 17.Kb1 Qc5 18.Rc1 Qd5 19.b3 Qd7 20.Qd2 a5 21.a3 
Bxf3 22.Nxf3 Qxd3+ 23.Qxd3 Nxd3 24.Rc6 Nxf4 25.g3 Nd5 26.Nd4 b4 27.Kb2 a4 
28.Ra1 h6 29.axb4 Nxb4 30.Rc4 Nd3+ 31.Kc3 Nxe5 32.Rcxa4 Rac8+ 33.Kb2 Rfd8 
34.Ka3 Nd3 35.Rf1 Rd5 36.Rf3 Ne5 37.Re3 Rc1 38.Kb2 Rd1 39.Kc3 Rc5+ 40.Kb4 
Rdc1 41.Ra5 Nc6+ 42.Nxc6 Rxc6 43.Re4 R1c2 44.h4 Rb6+ 45.Rb5 Rxb5+ 46.Kxb5 
Rc3 47.b4 Rxg3 48.Kc6 Rc3+ 49.Kd6 Rb3 50.Kc5 Kf8 51.b5 Ke7 52.Rg4 g6 53.b6
e5 54.Kc6 Ke6 55.b7 Kf5 56.Rg3 Rb4 57.Rf3+ Ke6 58.Rd3 Rxb7 59.Kxb7 e4 60.
Rd8 f5 61.Kc6 Ke5 62.Kc5 g5 63.h5 g4 64.Kc4 g3 65.Kc3 Kf4 66.Kd2 Kf3 67.
Rg8 f4 68.Ke1 Kg2 69.Rg6 f3 70.Rf6 e3 71.Rf4 f2+ 72.Ke2 Kg1 73.Rf3 g2 74.
Kxe3 f1=Q 0-1

[Event "34th Rilton Cup"]
[Site "Stockholm SWE"]
[Date "2004.12.28"]
[Round "2.4"]
[White "Nybaeck, Tomi"]
[Black "Doggers, Peter"]
[Result "1/2-1/2"]
[WhiteElo "2554"]
[BlackElo "2292"]
[EventDate "2004.12.27"]
[PlyCount "83"]

1.d4 Nf6 2.c4 g6 3.Nc3 Bg7 4.e4 d6 5.f3 O-O 6.Nge2 c5 7.d5 e6 8.Ng3 exd5 
9.cxd5 Nbd7 10.Be2 a6 11.a4 h5 12.O-O Nh7 13.Be3 Ne5 14.Qd2 h4 15.Nh1 g5 
16.Nf2 Bd7 17.g3 hxg3 18.hxg3 b5 19.axb5 axb5 20.Rxa8 Qxa8 21.f4 gxf4 22.
gxf4 b4 23.fxe5 bxc3 24.bxc3 Bxe5 25.Ng4 Bxg4 26.Bxg4 Kh8 27.Bf5 Qd8 28.
Rf3 Rg8+ 29.Kf1 Rg3 30.Rxg3 Bxg3 31.Qg2 Qh4 32.Ke2 Nf6 33.Kf3 Be5 34.Bd2 
Qh5+ 35.Bg4 Nxg4 36.Qxg4 Qxg4+ 37.Kxg4 c4 38.Bf4 Bxc3 39.Bxd6 Ba5 40.Kf5 
c3 41.Ba3 Kg7 42.Ke5 1/2-1/2

[Event "34th Rilton Cup"]
[Site "Stockholm SWE"]
[Date "2004.12.28"]
[Round "2.5"]
[White "Paterek, Michal"]
[Black "Ivanov, Sergei"]
[Result "0-1"]
[WhiteElo "2269"]
[BlackElo "2553"]
[EventDate "2004.12.27"]
[PlyCount "74"]

1.d4 e6 2.c4 Nf6 3.Nc3 Bb4 4.e3 c5 5.Ne2 cxd4 6.exd4 O-O 7.a3 Be7 8.g3 d5 
9.c5 b6 10.b4 a5 11.Rb1 axb4 12.axb4 bxc5 13.dxc5 Na6 14.Bg2 Rb8 15.Ba3 e5
16.O-O Bf5 17.Rb2 d4 18.Na4 d3 19.Nc1 Nc7 20.Rd2 e4 21.Nb6 Ncd5 22.Nxd5 
Nxd5 23.Re1 Bg5 24.Na2 e3 25.Rxd3 Bxd3 26.Qxd3 exf2+ 27.Kxf2 Qf6+ 28.Kg1 
Ne3 29.Bc1 Nxg2 30.Kxg2 Bxc1 31.Rxc1 Rbd8 32.Qc2 Qg5 33.Rd1 Rxd1 34.Qxd1 
Rd8 35.Qb3 Rd2+ 36.Kg1 Qf5 37.Qe3 Qb1+ 0-1

[Event "34th Rilton Cup"]
[Site "Stockholm SWE"]
[Date "2004.12.28"]
[Round "2.8"]
[White "Lundvik, Jonas"]
[Black "Palo, Davor"]
[Result "0-1"]
[WhiteElo "2248"]
[BlackElo "2526"]
[EventDate "2004.12.27"]
[PlyCount "90"]

1.c4 Nf6 2.Nc3 e6 3.d4 Bb4 4.Qc2 O-O 5.Nf3 c5 6.a3 cxd4 7.axb4 dxc3 8.Qxc3
d5 9.b3 Ne4 10.Qc2 Nc6 11.b5 Nb4 12.Qb1 a5 13.e3 b6 14.Bb2 Bb7 15.Be2 dxc4
16.bxc4 Rc8 17.Bd4 f6 18.Qb3 Nc5 19.Bxc5 Rxc5 20.O-O Qe7 21.Rfd1 e5 22.Rd2
Rd8 23.Rad1 Rxd2 24.Rxd2 Bc8 25.h3 Be6 26.Qd1 Kf7 27.Qb1 g6 28.Qd1 Rc7 29.
Rd6 Rd7 30.Rxd7 Qxd7 31.Qb1 Qd6 32.Qe4 Qc7 33.g4 Kg7 34.Qa8 Bc8 35.Qe4 Bb7
36.Qb1 Bxf3 37.Bxf3 Qxc4 38.Qd1 Qd3 39.Qc1 Qc2 40.Qa3 e4 41.Bg2 Kf7 42.f4 
Qd3 43.Qc1 Nc2 44.Kf2 a4 45.Bf1 Qc3 0-1

[Event "34th Rilton Cup"]
[Site "Stockholm SWE"]
[Date "2004.12.28"]
[Round "2.9"]
[White "Cramling, Pia"]
[Black "Lindberg, Henrik"]
[Result "1-0"]
[WhiteElo "2477"]
[BlackElo "2218"]
[EventDate "2004.12.27"]
[PlyCount "77"]

1.d4 d5 2.Nf3 Nf6 3.c4 e6 4.Nc3 Nbd7 5.cxd5 exd5 6.Bf4 c6 7.e3 Be7 8.h3 
Nf8 9.Bd3 Ne6 10.Be5 b6 11.O-O O-O 12.Qc2 g6 13.Rfd1 Bb7 14.Rab1 a5 15.a3 
b5 16.e4 dxe4 17.Nxe4 Nxe4 18.Bxe4 Rc8 19.Rbc1 Qb6 20.Qd2 Rfd8 21.Qe3 Rd7 
22.h4 Qd8 23.h5 Ng5 24.hxg6 fxg6 25.Nxg5 Bxg5 26.f4 Bf6 27.Bf3 Bxe5 28.
dxe5 Qe7 29.Rxd7 Qxd7 30.Rd1 Qe6 31.Qb6 Qe7 32.Rd6 Qh4 33.Kf1 Ba8 34.Rf6 
Qh1+ 35.Kf2 Qc1 36.Qd4 c5 37.Qd7 Qxb2+ 38.Kg3 Bxf3 39.Qxc8+ 1-0

[Event "34th Rilton Cup"]
[Site "Stockholm SWE"]
[Date "2004.12.28"]
[Round "2.10"]
[White "Lyrberg, Patrik"]
[Black "Ask, Josef"]
[Result "1-0"]
[WhiteElo "2432"]
[BlackElo "2208"]
[EventDate "2004.12.27"]
[PlyCount "77"]

1.d4 e6 2.e4 d5 3.e5 c5 4.c3 Nc6 5.Nf3 Qb6 6.Be2 cxd4 7.cxd4 Nh6 8.Bxh6 
Qxb2 9.Bd2 Qxa1 10.Qb3 Nxd4 11.Nxd4 Qxd4 12.Bb5+ Kd8 13.O-O Qxe5 14.Re1 
Qd6 15.Qf3 f6 16.Nc3 Bd7 17.Bf4 Qb4 18.Bxd7 Kxd7 19.Rb1 Qa5 20.h4 Bb4 21.
Qg4 g6 22.Nxd5 f5 23.Nf6+ Ke7 24.Qg5 Kf7 25.h5 gxh5 26.Nxh5 Ke8 27.Qf6 Kd7
28.Rd1+ Kc6 29.Qxe6+ Kb5 30.Rd5+ Bc5 31.Rxc5+ Kxc5 32.Qxf5+ Kb6 33.Bc7+ 
Kxc7 34.Qxa5+ b6 35.Qe5+ Kb7 36.Qd5+ Kc7 37.Ng7 Rac8 38.f4 Kb8 39.Ne6 1-0

[Event "34th Rilton Cup"]
[Site "Stockholm SWE"]
[Date "2004.12.28"]
[Round "2.11"]
[White "Marttala, Thomas"]
[Black "Aagaard, Jacob"]
[Result "0-1"]
[WhiteElo "2245"]
[BlackElo "2431"]
[EventDate "2004.12.27"]
[PlyCount "79"]

1.d4 Nf6 2.Nf3 e6 3.g3 d5 4.Bg2 Be7 5.O-O O-O 6.c4 Nbd7 7.Qc2 c6 8.Nbd2 b6
9.e4 Ba6 10.exd5 cxd5 11.Qa4 Qc8 12.Ne5 Nxe5 13.dxe5 Nd7 14.Re1 Nc5 15.Qc2
dxc4 16.Nxc4 Rd8 17.b3 Rb8 18.Ba3 Bf8 19.Red1 Bxc4 20.Qxc4 Nd3 21.Qxc8 
Rbxc8 22.Bxf8 Kxf8 23.f4 Ke7 24.Be4 Nc5 25.Bf3 h6 26.Kf2 Nd3+ 27.Kg1 g5 
28.Be2 Nb4 29.Rxd8 Rxd8 30.a3 Nc2 31.Rc1 Rd2 32.Kf2 gxf4 33.gxf4 Kd7 34.
Kf1 Nd4 35.Rd1 Nxb3 36.Bb5+ Ke7 37.Rxd2 Nxd2+ 38.Ke1 Nb1 39.a4 f6 40.Bc6 
0-1

[Event "34th Rilton Cup"]
[Site "Stockholm SWE"]
[Date "2004.12.28"]
[Round "2.12"]
[White "Bellon Lopez, Juan Manuel"]
[Black "Kosmo, Santul"]
[Result "1-0"]
[WhiteElo "2425"]
[BlackElo "2206"]
[EventDate "2004.12.27"]
[PlyCount "49"]

1.d4 e6 2.Nf3 c5 3.e3 Nf6 4.Bd3 Nc6 5.O-O d5 6.b3 Bd6 7.Bb2 O-O 8.Nbd2 b6 
9.c4 Bb7 10.Rc1 Qe7 11.Ne5 cxd4 12.exd4 Ba3 13.Bxa3 Qxa3 14.cxd5 Nxe5 15.
dxe5 Nxd5 16.Rc4 Rfd8 17.Ne4 Nb4 18.Nf6+ gxf6 19.exf6 Nd5 20.Qg4+ Kf8 21.
Qg7+ Ke8 22.Ra4 Qc5 23.Qg8+ Kd7 24.Qxf7+ Kd6 25.Qxb7 1-0

[Event "34th Rilton Cup"]
[Site "Stockholm SWE"]
[Date "2004.12.28"]
[Round "2.13"]
[White "Henriksson, Jacob"]
[Black "Peng, Zhaoqin"]
[Result "0-1"]
[WhiteElo "2215"]
[BlackElo "2420"]
[EventDate "2004.12.27"]
[PlyCount "48"]

1.d4 Nf6 2.c4 e6 3.Nc3 Bb4 4.Bg5 h6 5.Bh4 c5 6.d5 d6 7.e3 Qe7 8.Ne2 exd5 
9.cxd5 Nbd7 10.a3 Ba5 11.Qa4 Bd8 12.e4 O-O 13.f4 b5 14.Qxb5 g5 15.fxg5 
Nxe4 16.O-O-O hxg5 17.Bg3 Rb8 18.Qd3 Ndf6 19.h4 g4 20.Re1 Bf5 21.Nd1 Nxg3 
22.Qxg3 Qe4 23.Kd2 Qc2+ 24.Ke3 Re8+ 0-1

[Event "34th Rilton Cup"]
[Site "Stockholm SWE"]
[Date "2004.12.28"]
[Round "2.14"]
[White "Hermansson, Emil"]
[Black "Hagberg, Martin"]
[Result "1-0"]
[WhiteElo "2414"]
[BlackElo "2203"]
[EventDate "2004.12.27"]
[PlyCount "83"]

1.e4 c5 2.Nf3 Nc6 3.d4 cxd4 4.Nxd4 Nf6 5.Nc3 e5 6.Ndb5 d6 7.Bg5 a6 8.Na3 
b5 9.Bxf6 gxf6 10.Nd5 Bg7 11.Bd3 Ne7 12.Nxe7 Qxe7 13.O-O f5 14.c4 O-O 15.
Qf3 bxc4 16.Nxc4 d5 17.exd5 e4 18.Qe3 Bb7 19.d6 Qe6 20.Be2 Rac8 21.Rad1 
Rcd8 22.f4 exf3 23.Qxe6 fxe6 24.Bxf3 Rf7 25.Rfe1 Bc8 26.Bc6 Bf8 27.b4 Bb7 
28.Bf3 Bxf3 29.gxf3 Rb7 30.a3 Kf7 31.f4 Kf6 32.Rd4 Rbd7 33.Red1 h5 34.Kf2 
h4 35.R1d3 Bh6 36.Ne5 Rg7 37.Nc6 Rdd7 38.Nb8 Rxd6 39.Rxd6 Bxf4 40.Nd7+ Ke7
41.Rxa6 Bxh2 42.Nc5 1-0

[Event "34th Rilton Cup"]
[Site "Stockholm SWE"]
[Date "2004.12.28"]
[Round "2.15"]
[White "Edlund, Robin"]
[Black "Poley, Vladimir"]
[Result "0-1"]
[WhiteElo "2206"]
[BlackElo "2402"]
[EventDate "2004.12.27"]
[PlyCount "160"]

1.e4 g6 2.d4 Bg7 3.Nc3 c6 4.Nf3 d5 5.h3 Nf6 6.e5 Ne4 7.Nxe4 dxe4 8.Ng5 c5 
9.e6 fxe6 10.dxc5 Qd5 11.Bb5+ Nc6 12.Qe2 O-O 13.c3 Ne5 14.O-O a6 15.Ba4 
Qxc5 16.Nxe4 Qc7 17.Bb3 a5 18.Ng5 Ra6 19.a4 Rc6 20.Kh1 Qb6 21.Ba2 Qa6 22.
Qxa6 bxa6 23.Be3 Nd3 24.Rab1 h6 25.Ne4 g5 26.Rfd1 Nf4 27.Rd2 Be5 28.Rbd1 
Bc7 29.Kg1 Kg7 30.Kh1 e5 31.Re1 Bf5 32.f3 Rb8 33.Ba7 Rb7 34.Be3 Rb8 35.Ba7
Rc8 36.Bf2 Rg6 37.Ng3 Bd3 38.Nh5+ Nxh5 39.Rxd3 Bd6 40.g3 Nf6 41.Be6 Rb8 
42.Bf5 Rxb2 43.Kg1 Ra2 44.Bxg6 Kxg6 45.c4 Rxa4 46.c5 Bc7 47.Rb3 Rb4 48.
Reb1 Nd5 49.Be1 Rc4 50.Bf2 a4 51.Ra3 Nc3 52.Rba1 Ba5 53.Be1 Rxc5 54.Kf1 e4
55.Bxc3 Bxc3 56.Rc1 Bb4 57.Rxc5 Bxc5 58.Rc3 Bd6 59.Rc6 exf3 60.Rxa6 Kf5 
61.Kf2 h5 62.Ra5+ e5 63.Kxf3 g4+ 64.hxg4+ hxg4+ 65.Ke3 a3 66.Kd3 Bb4 67.
Ra4 Be1 68.Ra8 e4+ 69.Ke3 Bxg3 70.Rf8+ Ke5 71.Re8+ Kd5 72.Ra8 Bd6 73.Ra5+ 
Bc5+ 74.Kf4 e3 75.Rxa3 Bxa3 76.Kxe3 Ke5 77.Kf2 Kf4 78.Kg2 g3 79.Kh1 Kf3 
80.Kg1 Bc5+ 0-1

[Event "34th Rilton Cup"]
[Site "Stockholm SWE"]
[Date "2004.12.28"]
[Round "2.16"]
[White "Kuemin, Simon"]
[Black "Adler, Bo"]
[Result "1-0"]
[WhiteElo "2392"]
[BlackElo "2192"]
[EventDate "2004.12.27"]
[PlyCount "105"]

1.Nf3 Nf6 2.c4 g6 3.Nc3 Bg7 4.e4 d6 5.d4 O-O 6.h3 e5 7.d5 c6 8.Be3 Na6 9.
Nd2 Bd7 10.Be2 cxd5 11.cxd5 b5 12.Nxb5 Bxb5 13.Bxb5 Qa5 14.Bxa6 Qxa6 15.
Qe2 Qb7 16.b3 Nxe4 17.Nxe4 f5 18.Ng5 e4 19.Rd1 f4 20.Bd4 Qxd5 21.Bxg7 Qxg5
22.Bxf8 Qxg2 23.Kd2 Rc8 24.Rhg1 e3+ 25.fxe3 Rc2+ 26.Kxc2 Qxe2+ 27.Kb1 Kxf8
28.exf4 Qe4+ 29.Ka1 Kg7 30.Rxd6 Qxf4 31.Rgd1 Qe5+ 32.Kb1 Qe4+ 33.R6d3 h5 
34.a3 Kh6 35.Ka2 a5 36.a4 Qe5 37.R1d2 Qc5 38.Rg3 g5 39.Rdg2 g4 40.hxg4 h4 
41.Rh3 Kg5 42.Rgh2 Kxg4 43.Rxh4+ Kg3 44.Rc4 Qd5 45.Rhc2 Kf3 46.R2c3+ Ke2 
47.Kb2 Kd2 48.Rh4 Qe5 49.Rh2+ Kd1 50.Rc2 Qd4 51.Ka2 Qf6 52.Rc4 Qf5 53.Rb2 
1-0

[Event "34th Rilton Cup"]
[Site "Stockholm SWE"]
[Date "2004.12.28"]
[Round "2.17"]
[White "Nygren, David"]
[Black "Nyysti, Sampsa"]
[Result "1/2-1/2"]
[WhiteElo "2204"]
[BlackElo "2368"]
[EventDate "2004.12.27"]
[PlyCount "34"]

1.e4 e5 2.Nf3 Nc6 3.Bb5 a6 4.Ba4 Nf6 5.d4 exd4 6.O-O Be7 7.e5 Ne4 8.Nxd4 
O-O 9.Nf5 d5 10.Bxc6 bxc6 11.Nxe7+ Qxe7 12.Re1 Re8 13.f3 Nd6 14.Bf4 Nf5 
15.Qd2 Bb7 16.Nc3 h6 17.Qd3 Nh4 1/2-1/2

[Event "34th Rilton Cup"]
[Site "Stockholm SWE"]
[Date "2004.12.28"]
[Round "2.18"]
[White "Nouro, Mikael"]
[Black "Vaenman, Kent"]
[Result "1-0"]
[WhiteElo "2361"]
[BlackElo "2189"]
[EventDate "2004.12.27"]
[PlyCount "67"]

1.e4 c5 2.Nf3 d6 3.d4 cxd4 4.Nxd4 Nf6 5.Nc3 a6 6.Bc4 e6 7.O-O Nc6 8.Be3 
Be7 9.f4 O-O 10.f5 d5 11.Bb3 Nxd4 12.Bxd4 dxe4 13.fxe6 Bxe6 14.Bxe6 fxe6 
15.Re1 Bb4 16.Kh1 Bxc3 17.Bxc3 Qxd1 18.Raxd1 Rad8 19.Kg1 Rd5 20.Rd4 Rfd8 
21.Rb4 b5 22.a4 Rc8 23.h3 Kf7 24.Re2 e5 25.Re1 Ke6 26.Ra1 Rc4 27.axb5 axb5
28.Ra6+ Kf5 29.Rxc4 bxc4 30.Kf2 Nd7 31.Rc6 Rc5 32.g4+ Kg5 33.Rd6 Rc7 34.
Kg3 1-0

[Event "34th Rilton Cup"]
[Site "Stockholm SWE"]
[Date "2004.12.28"]
[Round "2.19"]
[White "Norberg, Johan"]
[Black "Carlsson, Pontus"]
[Result "1/2-1/2"]
[WhiteElo "2195"]
[BlackElo "2360"]
[EventDate "2004.12.27"]
[PlyCount "31"]

1.e4 c5 2.Nf3 d6 3.d4 cxd4 4.Nxd4 Nf6 5.Nc3 g6 6.Bc4 Bg7 7.Bb3 O-O 8.h3 a6
9.O-O b5 10.a4 bxa4 11.Bxa4 Bb7 12.Re1 e6 13.Bb3 Nc6 14.Nxc6 Bxc6 15.Qd3 
a5 16.Bg5 1/2-1/2

[Event "34th Rilton Cup"]
[Site "Stockholm SWE"]
[Date "2004.12.28"]
[Round "2.20"]
[White "Couso, Luis"]
[Black "Pukkila, Markku"]
[Result "1-0"]
[WhiteElo "2339"]
[BlackElo "2181"]
[EventDate "2004.12.27"]
[PlyCount "97"]

1.e4 c5 2.Nf3 d6 3.Nc3 Nf6 4.d4 cxd4 5.Nxd4 a6 6.Be2 e5 7.Nb3 Be7 8.O-O 
O-O 9.Kh1 Be6 10.f4 exf4 11.Bxf4 Nc6 12.Bf3 Ne5 13.Nd5 Nfd7 14.Nxe7+ Qxe7 
15.Nd4 Rac8 16.b3 Nxf3 17.Nxf3 Ne5 18.Nxe5 dxe5 19.Bxe5 Rfd8 20.Bd4 b5 21.
c3 Rxc3 22.Bxc3 Rxd1 23.Raxd1 h6 24.Rd3 f6 25.e5 f5 26.Rd6 Qc7 27.Rxe6 
Qxc3 28.Rxa6 Qxe5 29.Ra8+ Kh7 30.Rf8 g6 31.Rf7+ Kg8 32.Rd7 b4 33.Rc1 Qb8 
34.Rcc7 Qf8 35.Kg1 f4 36.Kf2 g5 37.h3 h5 38.Kf3 Qe8 39.Re7 Qf8 40.Rb7 Qa8 
41.h4 Kf8 42.Rf7+ Kg8 43.Rd7 gxh4 44.Kxf4 Qf8+ 45.Ke4 Qe8+ 46.Kd4 h3 47.
gxh3 h4 48.Rg7+ Kf8 49.Rbf7+ 1-0

[Event "34th Rilton Cup"]
[Site "Stockholm SWE"]
[Date "2004.12.28"]
[Round "2.21"]
[White "Aasberg, Anders"]
[Black "Furhoff, Johan"]
[Result "0-1"]
[WhiteElo "1954"]
[BlackElo "2338"]
[EventDate "2004.12.27"]
[PlyCount "108"]

1.e4 Nc6 2.d4 d5 3.e5 Bf5 4.c3 e6 5.Bd3 Nge7 6.Ne2 f6 7.f4 h5 8.Na3 Qd7 9.
Nc2 Bxd3 10.Qxd3 Nf5 11.Ne3 Nce7 12.Nxf5 Nxf5 13.Ng3 Nxg3 14.Qg6+ Qf7 15.
Qxg3 h4 16.Qf3 O-O-O 17.O-O Be7 18.Be3 Kb8 19.f5 fxe5 20.dxe5 Rhf8 21.fxe6
Qxe6 22.Qh5 g6 23.Qe2 c5 24.Rxf8 Rxf8 25.Bf2 Rf4 26.Qb5 Qc6 27.Qxc6 bxc6 
28.Re1 Ra4 29.a3 Kc7 30.g3 h3 31.Be3 g5 32.Kf2 g4 33.Bh6 d4 34.Bd2 dxc3 
35.Bxc3 Kd7 36.Ke3 Ke6 37.Kd3 Kd5 38.Rf1 Re4 39.Rf5 c4+ 40.Kd2 Ke6 41.Rh5 
Bc5 42.Rh6+ Kd5 43.Rg6 Be3+ 44.Kd1 Bd4 45.e6 c5 46.e7 Rxe7 47.Rxg4 Re3 48.
Bxd4 cxd4 49.Rh4 Rb3 50.Kc2 Rf3 51.Rxh3 Ke4 52.Rh4+ Ke3 53.Rf4 Rxf4 54.
gxf4 Ke2 0-1